000 00551nam a22002057a 4500
003 UA-OsUOA
001 58057
007 ta
008 20090126b un ||||| |||| 00| 0 ukr d
090 _a32
_bН17
942 _cSA
040 _aUA-OsUOA
_bukr
_cUA-OsUOA
_dUA-OsUOA
245 _aНадання регіональної допомоги за законодавством ЄС
300 _aС28-33 с.
955 _a0
041 _aukr
080 _a32
773 0 _w58050
_tЄвроінформ
_dК.
_d2006
_g3
650 7 _a32 Політика
_2UDC
999 _c344140
_d344140